| 000 | 01877cam a2200649 4500 | ||
|---|---|---|---|
| 008 | 090401t1995 xxu||||| |||| 00| 0 eng d | ||
| 020 | _a0117530441 | ||
| 035 | _a(Sirsi) u2414 | ||
| 041 | _aeng | ||
| 050 | _a690.0212 | ||
| 110 |
_aUnited Kingdom _bDepartment of the Environment _9982 |
||
| 245 | _aDigest of data for the construction industry. - January 1995 | ||
| 250 | _a2nd ed. | ||
| 260 |
_aLondon _bHMSO _c1995 |
||
| 300 | _ax,142p. ; 30cm. | ||
| 350 | _a25 | ||
| 650 | _aACCIDENTS | ||
| 650 | _aBUILT ENVIRONMENT-BUILDING ELEMENTS-COMPLETE BUILDING SERVICES ELEMENTS-COMPLETE HEATING, VENTILATION AND AIR CONDITIONING SYSTEMS | ||
| 650 | _aBANKRUPTCY | ||
| 650 | _aBREEAM CERTIFICATES | ||
| 650 | _aBUILT ENVIRONMENT-BUILDING COSTS | ||
| 650 | _aBUILT ENVIRONMENT-BUILDING MATERIALS | ||
| 650 | _aCENTRAL HEATING | ||
| 650 | _aCONSTRUCTION COMPANIES | ||
| 650 | _aCONSTRUCTION INDUSTRY | ||
| 650 | _aCONSTRUCTION QUALITY FORUM | ||
| 650 | _aCONSTRUCTION SITES | ||
| 650 | _aDEFECTS DATABASE | ||
| 650 | _aEMPLOYMENT | ||
| 650 | _aEXPENDITURE | ||
| 650 | _aFLOORSPACE STATISTICS | ||
| 650 |
_aHEALTH AND SAFETY _96244 |
||
| 650 | _aHEREDITAMENTS | ||
| 650 | _aINDUSTRIAL SPACE | ||
| 650 | _aINSOLVENCIES | ||
| 650 | _aINTERNATIONAL COMPARISON | ||
| 650 | _aLABOUR RATES | ||
| 650 | _aLOCAL AUTHORITIES | ||
| 650 | _aMANPOWER | ||
| 650 | _aMINERALS PLANNING DECISIONS | ||
| 650 | _aNEW ORDERS | ||
| 650 | _aOFFICE SPACE | ||
| 650 | _aOUTPUT | ||
| 650 | _aPARTNERS IN TECHNOLOGY | ||
| 650 | _aPLANNING APPLICATIONS | ||
| 650 | _aPRODUCTIVITY | ||
| 650 | _aQS WORKLOAD | ||
| 650 | _aREGIONS | ||
| 650 | _aRETAIL SPACE | ||
| 650 | _aRICS SURVEY | ||
| 650 | _aSAFETY | ||
| 650 | _aSTATISTICS | ||
| 650 | _aSUPPLY AND DEMAND | ||
| 690 | _aBUILT ENVIRONMENT | ||
| 942 | _n0 | ||
| 948 | _c04/03/1997 | ||
| 999 |
_c85768 _d85768 |
||